|
|
|
|
| LEADER |
00000nab a2200000 a 4500 |
| 001 |
vtls000779559 |
| 003 |
SK-MaSNL |
| 005 |
20260304131249.0 |
| 008 |
250429c2001 xo 0 slo |
| 015 |
|
|
|a SNBRB2002/02-03836
|
| 035 |
|
|
|a CLN000131320
|
| 035 |
|
|
|a urn:nbn:sk:snk-ab6z4o
|
| 035 |
|
|
|a (uuid)7fcd8b52-8f6b-458d-ac3c-a6c697e5a960
|
| 035 |
|
|
|a (urnnbn)urn:nbn:sk:snk:ar-a06c48
|
| 035 |
|
|
|a (sysno)vtls000779559
|
| 040 |
|
|
|a SNKBUCL
|b slo
|c SNKBUCL
|e AACR2
|
| 041 |
0 |
|
|a eng
|
| 044 |
|
|
|a xo
|c SK
|
| 080 |
|
|
|a 616.24-006:576.385.5
|2 1997
|
| 080 |
|
|
|a 576.385.5
|2 1997
|
| 100 |
1 |
|
|a Nikliňska, W.
|4 aut
|9 1160382
|
| 245 |
1 |
0 |
|a G1 phase of the cell cycle control and lung cancer: biological and clinical implications
|b minireview
|c W. Niklinska, J. Laudanski, J. Niklinski
|
| 300 |
|
|
|b Obr.
|
| 504 |
|
|
|a Res. angl.
|
| 504 |
|
|
|a Bibliogr. odkazy
|
| 650 |
0 |
7 |
|a pľúca
|2 snkbucl
|9 16489
|
| 650 |
0 |
7 |
|a nádory
|2 snkbucl
|9 15229
|
| 650 |
0 |
7 |
|a cyklíny
|2 snkbucl
|9 1444122
|
| 650 |
0 |
7 |
|a nádory pľúc
|2 snkbucl
|9 19234
|
| 650 |
0 |
7 |
|a bunkový cyklus
|2 snkbucl
|9 20171
|
| 650 |
0 |
7 |
|a gény p53
|2 snkbucl
|9 1308945
|
| 655 |
|
7 |
|a články z novín a časopisov
|2 snkbucl
|9 267496
|
| 700 |
1 |
|
|a Laudański, J.
|4 aut
|9 910917
|
| 700 |
1 |
|
|a Nikliňski, J.
|4 aut
|9 910923
|
| 773 |
0 |
|
|t Neoplasma
|g Roč. 48, č. 3 (2001), s. 157-163
|x 0028-2685
|
| 850 |
|
|
|a Slovenská národná knižnica
|
| 852 |
|
|
|a Slovenská národná knižnica
|
| 958 |
|
|
|a article27
|
| 958 |
|
|
|a NB
|
| 958 |
|
|
|a MI
|
| 958 |
|
|
|a OND
|
| 958 |
|
|
|a EUIPO
|
| 992 |
|
|
|a RBX
|
| 999 |
|
|
|c 2896513
|d 2898443
|